01625nam a2200205 a 4500008004100000020001800041041000800059092001600067100005300083245005700136250001100193260003500204300002100239500009700260505085000357655002101207942001301228999001501241952016301256180205t2015 ag ||||g |||| 00| 0 spa d a9789504946472 aspa c808l7sBLU 1aJean, BlueqFrancisco de Paula Fernández94365 aAlgo tan sencillo como tuitear te quiero/cBlue Jean a2a ed. aBuenos Aires:bPlaneta;c2015. a544 p.c23x15 cm aJean, B. (2015). Algo tan sencillo como tuitear te quiero. (2a ed.). Buenos Aires : Planeta. aEl primer año en la universidad marca la vida muchas personas. Te enfrentas a nuevos retos, nuevas ilusiones y numerosos cambios que, por más que los tengas previstos, no dejan de sorprenderte. Todo esto se multiplica si, además, ese primer año transcurre en una residencia de estudiantes. Vives veinticuatro horas, los siete días de la semana, con lo que terminan convirtiéndose en tus mejores amigos. Abres los ojos de par en par y surge el amo, llegan las decepciones, descubres la pasión, te persiguen las tentaciones, conoces a fondo tus miedos... Todo un ritmo que da vértigo. Los chicos de la Residencia Benjamín Franklin afronta esa época repletos de sueños y también de dudas. Las cosas no siempre son lo que parecen ni terminan como uno desea. Pero tienes que alcanzar la moneda para saber si sale cara o ceca. aLiteratura92917 2ddccLIT c3324d3324 00102ddc4070aBFMbBFMcCRd2026-05-26eDonación Mayo 2026l0o808 42 JEAp5165r2026-05-26tEj. 1w2026-05-26yLITzDonación Mayo 2026. Sede Tordos.f